[Event "CZE-chT2e 0405"]
[Site "Czech Republic"]
[Date "2004.12.19"]
[Round "5.3"]
[White "Prachar, Mojmir"]
[Black "Sochor, Stanislav"]
[Result "1-0"]
[WhiteElo "1892"]
[BlackElo "2133"]
[PlyCount "80"]
[EventDate "2004.10.17"]
[EventType "team"]
[EventRounds "11"]
[EventCountry "CZE"]
[SourceTitle "EXT 2007"]
[Source "ChessBase"]
[SourceDate "2006.11.23"]
[SourceVersion "1"]
[SourceVersionDate "2006.11.23"]
[SourceQuality "1"]

1. c4 e6 2. d4 d5 3. Nc3 c5 4. e3 Nf6 5. Nf3 Nc6 6. a3 a6 7. dxc5 Bxc5 8. b4 Ba7 9. Bb2 0-0 10. h4 Qe7 11. Qc2 Rd8 12. Rd1 h6 13. Be2 dxc4 14. Rxd8+ Nxd8 15. Bxc4 b5 16. Ba2 Bb7 17. Bb1 Rc8 18. Ke2 a5 19. Qb3 axb4 20. axb4 Nd5 21. Bd3 Nxb4 22. Bxb5 Nd5 23. Rc1 Rb8 24. Nxd5 Bxd5 25. Qc3 f6 26. Bd3 Rb3 27. Qd2 Qb7 28. Rc2 Nf7 29. Bd4 Nd6 30. Qa5 Bb6 31. Bxb6 Rxb6 32. Qa4 Bb3 33. Qg4 Bxc2 34. Qxe6+ Kf8 35. Bxc2 Qc7 36. Bg6 Rb2+ 37. Nd2 Qc5 38. Qd7 Rxd2+ 39. Kxd2 Nc4+ 40. Ke2 Nd6 1-0

[Event "CZE-chT2e 0405"]
[Site "Czech Republic"]
[Date "2004.10.17"]
[Round "1.6"]
[White "Stverak, Milan"]
[Black "Sochor, Stanislav"]
[Result "0-1"]
[WhiteElo "2114"]
[BlackElo "2133"]
[PlyCount "118"]
[EventDate "2004.10.17"]
[EventType "team"]
[EventRounds "11"]
[EventCountry "CZE"]
[SourceTitle "EXT 2007"]
[Source "ChessBase"]
[SourceDate "2006.11.23"]
[SourceVersion "1"]
[SourceVersionDate "2006.11.23"]
[SourceQuality "1"]

1. e4 e6 2. d4 d5 3. exd5 exd5 4. Bd3 Bd6 5. Nf3 Bg4 6. 0-0 Ne7 7. Re1 Nbc6 8. c3 Qd7 9. b4 a6 10. a4 0-0 11. Na3 Ng6 12. b5 axb5 13. Nxb5 Rfe8 14. Bd2 Nh4 15. Bf1 Bxf3 16. gxf3 Qf5 17. Rxe8+ Rxe8 18. Nxd6 Nxf3+ 19. Kh1 cxd6 20. Bg2 Nh4 21. Qg1 Re6 22. Re1 Ne7 23. Rxe6 fxe6 24. Qf1 Neg6 25. f4 Nxg2 26. Kxg2 Qg4+ 27. Kh1 Nh4 28. Be1 Ng6 29. Bd2 Qf5 30. Qb5 h5 31. Kg1 Nh4 32. Qe2 Qh3 33. Kh1 Nf3 34. Be3 Nh4 35. Bd2 g6 36. Be1 Nf5 37. Qxe6+ Kh7 38. Qe2 Kg7 39. Kg1 Ne3 40. Bd2 Nf5 41. Be1 Qe3+ 42. Qxe3 Nxe3 43. Kf2 Nc4 44. Kf3 Nb2 45. a5 Nc4 46. h3 Nxa5 47. Bh4 Kf7 48. Bd8 Nc6 49. Bb6 Ke6 50. Bc7 Ne7 51. Bd8 Nc8 52. Ke3 Na7 53. Kf3 Nb5 54. Ba5 Na3 55. Bb4 Nc4 56. Ke2 Kf5 57. Kf3 h4 58. Kf2 Kxf4 59. Kg2 Ke3 0-1

[Event "Havlickuv Brod Vysocina op"]
[Site "Havlickuv Brod"]
[Date "2004.09.21"]
[Round "4"]
[White "Sochor, Stanislav"]
[Black "Hrbolka, Ladislav Jr"]
[Result "1/2-1/2"]
[WhiteElo "2137"]
[BlackElo "2213"]
[PlyCount "48"]
[EventDate "2004.09.18"]
[EventType "swiss"]
[EventRounds "9"]
[EventCountry "CZE"]
[SourceTitle "EXT 2006"]
[Source "ChessBase"]
[SourceDate "2005.11.24"]
[SourceVersion "1"]
[SourceVersionDate "2005.11.24"]
[SourceQuality "1"]

1. d4 Nf6 2. Nf3 e6 3. e3 b6 4. Bd3 Bb7 5. Nbd2 c5 6. 0-0 Nc6 7. c4 Be7 8. b3 0-0 9. Bb2 d5 10. Rc1 Rc8 11. Qe2 Rc7 12. a3 cxd4 13. exd4 Qc8 14. Ne5 Rd8 15. Ndf3 h6 16. Nxc6 Bxc6 17. Ne5 Bb7 18. f4 Ne4 19. cxd5 exd5 20. Qh5 Nd6 21. g4 Rxc1 22. Rxc1 Qe6 23. g5 g6 24. Qxh6 Nf5 1/2-1/2

[Event "Olomouc op"]
[Site "Olomouc"]
[Date "2004.07.06"]
[Round "2"]
[White "Sochor, Stanislav"]
[Black "Zaitsev, Vadim"]
[Result "0-1"]
[WhiteElo "2137"]
[BlackElo "2378"]
[PlyCount "101"]
[EventDate "2004.07.05"]
[EventType "swiss"]
[EventRounds "9"]
[EventCountry "CZE"]
[SourceTitle "CBM 101 Extra"]
[Source "ChessBase"]
[SourceDate "2004.09.01"]
[SourceVersion "2"]
[SourceVersionDate "2004.09.01"]
[SourceQuality "1"]

1. d4 Nf6 2. Nf3 g6 3. g3 Bg7 4. Bg2 0-0 5. 0-0 d6 6. c4 Nbd7 7. Nc3 e5 8. e4 exd4 9. Nxd4 Nc5 10. h3 Re8 11. Re1 c6 12. Rb1 a5 13. b3 a4 14. Bf4 axb3 15. axb3 h6 16. b4 Ne6 17. Be3 Ng5 18. Bxg5 hxg5 19. b5 c5 20. Nc2 Nd7 21. Nd5 Nb6 22. Nce3 Be6 23. Bf1 Bxd5 24. Nxd5 Nxd5 25. exd5 Rxe1 26. Qxe1 Ra2 27. Rb3 Be5 28. Rf3 Kg7 29. g4 Ra4 30. Qc1 f6 31. Kg2 Qa5 32. Qe3 Ra1 33. Qe4 Qd2 34. Qe2 Qc1 35. Qd3 Ra2 36. Qe3 Qd1 37. Qb3 Qxb3 38. Rxb3 Bd4 39. Rf3 Rd2 40. Kg3 Kf7 41. Kg2 Ke7 42. Kg3 Rd1 43. Bd3 Rc1 44. Kg2 Kf7 45. Kg3 Ke7 46. Be2 Kf7 47. Ra3 f5 48. Ra7 Rc3+ 49. Kg2 Rc2 50. Bd3 Rc3 51. Be2 0-1

[Event "Plzen op-A 9th"]
[Site "Plzen"]
[Date "2003.08.22"]
[Round "7"]
[White "Sochor, Stanislav"]
[Black "Choisy, Mathilde"]
[Result "1-0"]
[WhiteElo "2141"]
[BlackElo "2024"]
[PlyCount "89"]
[EventDate "2003.08.16"]
[EventType "swiss"]
[EventRounds "9"]
[EventCountry "CZE"]
[SourceTitle "CBM 095 Extra"]
[Source "ChessBase"]
[SourceDate "2003.09.04"]
[SourceVersion "1"]
[SourceVersionDate "2003.09.04"]
[SourceQuality "1"]

1. d4 Nf6 2. Nf3 g6 3. Bf4 Bg7 4. e3 0-0 5. h3 c5 6. c3 cxd4 7. cxd4 Nc6 8. Nc3 d6 9. a3 Bd7 10. Be2 Rc8 11. 0-0 Na5 12. Rc1 a6 13. Nd2 b5 14. b4 Nc6 15. Nf3 Qe8 16. d5 Nb8 17. Nd4 Qd8 18. e4 Qb6 19. Be3 Qb7 20. Qd2 Rxc3 21. Qxc3 Nxe4 22. Qd3 Qxd5 23. Rfd1 f5 24. Bf3 Kh8 25. Rc7 Qe5 26. Ne2 d5 27. Bf4 Qe6 28. Qxd5 Qxd5 29. Rxd5 Bc6 30. Rd1 e5 31. Be3 Bf6 32. Ba7 Ba8 33. Ng3 Nc6 34. Nxe4 fxe4 35. Bxe4 Nd4 36. Bxa8 Rxa8 37. Kf1 Re8 38. Rdc1 Nb3 39. Rc8 Nxc1 40. Rxe8+ Kg7 41. Re6 Nd3 42. Rxa6 e4 43. Be3 Bb2 44. Bd2 Ne5 45. a4 1-0